Cricket World Cup winning countries-Sudden death - Statistics

General Stats
  • This quiz has been taken 110 times
  • The average score is 5 of 6
Answers on the Grid
Answers color-coded by a green-red scale on the quiz's grid according to % correct below.
India
New Zealand
Pakistan
Bangladesh
Sri Lanka
South Africa
England
Australia
Ireland
West Indies
Zimbabwe
 
Answer Stats
Answer % Correct
India
100%
Australia
90%
England
86%
Sri Lanka
83%
Pakistan
79%
West Indies
72%
No matching quizzes found
Score Distribution
Percent of People with Each Score
Percentile by Number Answered
Your Score History
You have not taken this quiz